000 01218nam a22001937a 4500
005 20240306140652.0
010 _aB-757461-467
020 _c895.000
_a9789391382407
035 _aB-757461-467
037 _bस्वस्तिक पब्लिशर्स
082 _a954
100 _aचन्द्र , गुलाब
_962870
245 _aप्राचीन भारत का राजनितिक इतिहास ;
_b(600 ई.पू. से 750ई.)/
_cगुलाब चन्द्र
260 _a दिल्ली
_bस्वस्तिक पब्लिशर्स
_c2022
270 _a31 गलि नं. 1, ए ब्लाक, पाकेट 5, सोनिया विहार
_b दिल्ली
_e110090
300 _a270 पृ..
_c22सेमी (सजिल्द)
942 _2ddc
_cHN
_h954
_mचन्द्गु
999 _c200470
_d200470